000 00641nam a2200217Ia 4500
005 20241129104119.0
008 241129s9999||||xx |||||||||||||| ||und||
020 _a9781032137001
037 _aTextual
040 _aRTL
_beng
_cRTL
041 _aeng
_2eng
084 _aY7:(G:5) R3
_qRTL
100 _aKagan Sacha
_9724824
245 0 _aCulture and sustainable development in the city: Urban spaces of possibilities
_cKagan Sacha
260 _aLondon
_bRoutledge
_c2023
300 _axvii,250p.
365 _aINR
_b13301.6
650 _aUrban Studies
_9724825
942 _cTB
_hY7:(G:5) R3
999 _c1224476
_d1224476